000
00196nam a2200085Ia 4500
008
180219s9999 xx 000 0 und d
100
_a
Tiwari Ramkalp
245
0
_a
Manovigyanik Prkiriya
260
_a
Agrawalpub
260
_c
2012
999
_c
42758
_d
42758